000
00474nam a2200181Ia 4500
008
090123s9999 xx 000 0 und d
082
_b
985
100
_a
बोर्डे रा.र.
245
_a
पेरणी
250
_a
1
260
_b
कुलकर्णी अ.अ.
300
_a
152
600
_a
बोर्डे रा.र.
630
_a
पेरणी
700
_a
बोर्डे रा.र.
730
_a
पेरणी
942
_c
BOOK
999
_c
39070
_d
39070